000 00456nam a22001697a 4500
003 IT-RoPau
005 20220918175941.0
008 130211b xxu||||| |||| 00| 0 eng d
040 _cIT-RoPau
100 _aFamilia Paulina
_9411
245 _aO Cooperador Paulino 1990 Brasile
250 _a1° ed.
260 _aBrazil
_bPia Sociedade de Sao Paulo
_c1990
300 _a15 p.
_c27 cm
500 _aMaio-Agosto/Setembro-Dezembro 1990.
942 _2ddc
_cCR
999 _c38055
_d38055